| 000 | 01833nam a2200373 c 4500 | ||
|---|---|---|---|
| 999 |
_c50782 _d50782 |
||
| 001 | 50782 | ||
| 003 | ES-MaCES | ||
| 005 | 20180717123040.0 | ||
| 007 | cr ||||||||||| | ||
| 008 | 180612s2006 sp r o100 | spa d | ||
| 040 |
_aES-MaCES _bspa _cES-MaCES |
||
| 111 | 2 |
_939146 _aReunión Anual de Presidentes y Secretarios Generales de los Consejos Económicos y Sociales e Instituciones Similares de los Estados miembros y del Comité Económico y Social Europeo _d2006 _cLisboa |
|
| 245 | 1 | 0 |
_aDeclaración final de la Reunión de Presidentes y Secretarios Generales de los Consejos Económicos y Sociales e Instituciones Similares de los Estados Miembros y del Comité Económico y Social Europeo _hRecurso electrónico _b: (Lisboa, 23 y 24 de noviembre de 2006) _cConsejo Económico y Social España |
| 260 |
_a[Madrid _bConsejo Económico y Social] _c2006 |
||
| 300 | _a1 documento pdf (33,16 kb) | ||
| 490 | 1 |
_aColección Documentos _v[2006] |
|
| 541 | _cGratuito | ||
| 650 | 4 |
_aintegración social _927283 |
|
| 650 | 4 |
_acohesión social _930743 |
|
| 650 | 4 |
_aidentidad cultural _929870 |
|
| 650 | 4 |
_aderechos económicos y sociales _929875 |
|
| 650 | 4 |
_apolítica migratoria _929183 |
|
| 650 | 4 |
_apolítica comunitaria _930776 |
|
| 650 | 4 |
_aConsejos Económicos y Sociales _930859 |
|
| 650 | 4 |
_apapel social _927285 |
|
| 650 | 4 |
_927013 _aconferencia |
|
| 653 | 1 | 0 | _aAdministración-Instituciones públicas |
| 710 | 2 |
_92408 _aConsejo Económico y Social (España) |
|
| 787 | 0 |
_tCumbre Euromediterránea de Consejos Económicos y Sociales e Instituciones Similares _w(ES-MaCES)24825 |
|
| 830 | 0 |
_aColección Documentos (Consejo Económico y Social (España)) _932523 _v[2006] |
|
| 856 | 4 |
_uhttp://www.ces.es/documents/DOT/2006/01 _ytexto completo |
|
| 902 | _aELE PUB. ELECTRONICA | ||
| 942 |
_2CES _cBK _h6.3. |
||